000 00330 a2200109 4500
001 ART_56444
005 20260410161823.0
008 260409a
245 1 0 _aRevocación de reencuadre de multa
100 1 _aBello, Alberto M.
773 0 _tDoctrina Penal Tributaria y Económica
_g- N° 64 (jun. 2022)
_wREV4317
999 _c22512
_d22512